000 00573nam a22002177a 4500
003 UA-OsUOA
001 58002
007 ta
008 20090120b un ||||| |||| 00| 0 ukr d
100 _aВоробйов М.
090 _a82
_bВ75
942 _cSA
040 _aUA-OsUOA
_bukr
_cUA-OsUOA
_dUA-OsUOA
245 _aТроянди цвітуть, але дуже далеко.../Поезія
300 _aС.115-123
955 _a0
041 _aukr
080 _a82
773 0 _w57999
650 7 _a82 Література. Літературознавство
_2UDC
999 _c344055
_d344055